Effect of nutrient on the growth of wood ear using SAW dust substrate of royal university of agriculture,(ប្រសិទ្ធភាពនៃជីបំប៉នទៅលើការលូតលាស់របស់ផ្សិតត្រចៀកកណ្ដុរលើកំទេចអាចម៍រណា នៅសាកលវិទ្យាល័យភូមិន្ទកសិកម្ម) (Record no. 1061)

000 -LEADER
fixed length control field 00770nam a22001577a 4500
003 - CONTROL NUMBER IDENTIFIER
control field OSt
005 - DATE AND TIME OF LATEST TRANSACTION
control field 20150922140505.0
008 - FIXED-LENGTH DATA ELEMENTS--GENERAL INFORMATION
fixed length control field 150922b xxu||||| |||| 00| 0 eng d
040 ## - CATALOGING SOURCE
Transcribing agency RUA
082 ## - DEWEY DECIMAL CLASSIFICATION NUMBER
Classification number AGR CHA 2007 B035 Or.1
100 ## - MAIN ENTRY--PERSONAL NAME
9 (RLIN) 1109
Personal name CHAK SOKNA
245 ## - TITLE STATEMENT
Title Effect of nutrient on the growth of wood ear using SAW dust substrate of royal university of agriculture,(ប្រសិទ្ធភាពនៃជីបំប៉នទៅលើការលូតលាស់របស់ផ្សិតត្រចៀកកណ្ដុរលើកំទេចអាចម៍រណា នៅសាកលវិទ្យាល័យភូមិន្ទកសិកម្ម)
260 ## - PUBLICATION, DISTRIBUTION, ETC. (IMPRINT)
Place of publication, distribution, etc. phnom penh
Name of publisher, distributor, etc. RUA
Date of publication, distribution, etc. 2007
300 ## - PHYSICAL DESCRIPTION
Extent xviii,52p.
Dimensions ill.
Size of unit 29cm.
942 ## - ADDED ENTRY ELEMENTS (KOHA)
Source of classification or shelving scheme
Koha item type AGR
Holdings
Price effective from Date last seen Permanent Location Not for loan Date acquired Source of classification or shelving scheme Koha item type Lost status Withdrawn status Date last checked out Total Checkouts Shelving location Damaged status Barcode Current Location Full call number
2015-09-222023-04-04Library Block B 2015-09-22 AGR  2023-03-201B035 RUA002873Library Block BAGR CHA 2007 B035 Or.1
2015-09-222015-09-22Library Block B 2015-09-22 AGR    B035 RUA002328Library Block BAGR CHA 2007 B035 Or.2
2018-12-212018-12-21Library Block B 2018-12-21 AGR    B1.194 A41469Library Block BAGR CHA 2007 B1.194 Or.1
2019-01-212019-01-21Library Block B 2019-01-21 AGR    B1.210 A41396Library Block BAGR CHA 2007 B1.210 Or.1
2019-01-212019-01-21Library Block B 2019-01-21 AGR    B1.210 A40476Library Block BAGR CHA 2007 B1.210 Or.3
មជ្ឈមណ្ឌលឯការនៃសាកលវិទ្យាល័យភូមិន្ទកសិកម្មចំការដូង

Powered by Koha